Novena, triduo y deprecaciones a ntra. Sra. de Guadalupe /
Guardado en:
| Hovedforfatter: | |
|---|---|
| Format: | Bog |
| Sprog: | spansk |
| Udgivelse: | 3a edición |
| Fag: | |
| Tags: |
Ingen Tags, Vær først til at tagge denne postø!
|
MARC
| LEADER | 00000nam^a2200000^a^4500 | ||
|---|---|---|---|
| 001 | 000298109 | ||
| 005 | 20250526000000.0 | ||
| 009 | 20260310112358.113 | ||
| 037 | |a Acervo Xavier Clavigero | ||
| 041 | |a ESP | ||
| 082 | |a 232. 917 |b ANT | ||
| 100 | |a Antícoli, Esteban |e (autor) | ||
| 245 | 1 | 0 | |a Novena, triduo y deprecaciones a ntra. Sra. de Guadalupe / |c E. Anticoli. |
| 250 | |a 3a edición | ||
| 264 | |a Puebla, México : |b Tipográfica de La Misericordia Cristiana, |c 1900 | ||
| 300 | |a 91 p. ; |c 14.5 cm. | ||
| 336 | |a texto |b txt |2 rdacontenido | ||
| 337 | |a sin mediación |b n |2 rdamedio | ||
| 338 | |a volumen |b nc |2 rdasoporte | ||
| 649 | |a XX | ||
| 650 | |a Virgen de Guadalupe - |x Culto - |x Tema Principal | ||
| 650 | |a Libros de Oraciones y Devocionarios | ||
| 650 | |a Ejercicios Devotos | ||
| 650 | |a Catolicismo | ||
| 650 | |a Cristianismo | ||
| 650 | |a Religión | ||
| 910 | |a Fondo General | ||
| 920 | |a Impresos - Libros | ||
| 930 | |a Libros Antiguos y Raros | ||
| 905 | |a 108 | ||
| 901 | |a 011885 |b IT2 |c LRA |u 20250526 | ||
| 902 | |a https://opac.biblio.iteso.mx/vufind/Record/000298109 | ||